000 00418nam a2200133Ia 4500
008 211109s9999||||xx |||||||||||||| ||und||
082 _a823
_bCAR-A
100 _aCarlyle, Thomas
245 0 _aAbbot Samson: Chapters from Past and Present
260 _bMacmillan and Co., Limited
_aKingston
_c1939
630 _xGeneral Stack
650 _aLITERATURE
_vENGLISH LITERATUREENGLISH FICTIONFICTION
_xGeneralia
942 _cBOOK
999 _c13164
_d13164